Statistics for Okami All Bosses

Click here to take the quiz!

General Stats

  • This quiz has been taken 44 times
  • The average score is 11 of 14

Answer Stats

Boss% Correct
Nine Tails
96%
Orochi
96%
Lechku
88%
Nechku
88%
Waka
88%
Waka
88%
Crimson Helm
84%
Spider Queen
84%
Yami
80%
Blight
76%
True Orochi
72%
Oki
68%
Evil Rao
48%
Kusa 5
16%

Score Distribution

Percentile by Number Answered

Percent of People with Each Score

Your Score History

You have not taken this quiz